LEADER 01286nam a2200265 i 4500 001 000000179212 003 CaOOAMICUS 005 20090617000000.0 008 090617s1985 gw u000 u ger u 013 $a156788 040 $aSeMil$bita 100 1 $aIserloh, Erwin <1915-1996>.$0(OLS)http://semarc/name/672 245 10$aKirchengeschichte als Theologie /$cErwin Iserloh. 260 $aMünster Westf. :$bAschendorffsche Verlagsbuchhandlung,$c1985. 300 $aVI, 520 p. :$b1 ritr. ;$c24 cm. 490 0 $aReformationsgeschichtliche Studien und Texte ;$v3./1 650 4$aChiesa - Storia.$0(OLS)http://semarc/subject/8 650 4$aEcclesiologia.$0(OLS)http://semarc/subject/42996 773 0 $aIserloh, Erwin <1915-1996>$tKirche- Ereignis und Institution.$dMünster Westf. : Aschendorffsche Verlagsbuchhandlung, 1985.$z3-402-03770-X$g1$w()21505 830 0$aReformationsgeschichtliche Studien und Texte ;$v3./1.$0(OLS)http://semarc/title/28474 850 $aSeMil 852 $aSeMil$W1$xVenegono$y1$m3B I 168$j129977$B129977$CSeMilBibl$Z2$F142313 $81 961 $aOmaggio: Altro 996 $6245$aKirchengeschichte als Theologie$9(OLS)http://semarc/title/257349 996 $6260$aMünster Westf. :$bAschendorffsche Verlagsbuchhandlung$9(OLS)http://semarc/publisher/35366 LEADER 01144nam a2200277 i 4500 001 000000084152 003 CaOOAMICUS 005 20060324000000.0 008 060324s2005 it u000 u ita u 013 $a56392 020 $a88-8334-137-6 040 $aSeMil$bita 100 1 $aBenvenuti Papi, Anna,$d<1977- >.$0(OLS)http://semarc/name/17297 245 10$aStoria della santità nel cristianesimo occidentale /$cAnna Benvenuti ... [et al.]. 260 $aRoma :$bViella,$c2005. 300 $a427 p. ;$c21 cm. 490 0 $aSacro/santo. Nuova serie ;$v9 500 $aContiene : Orientamenti bibliografici. 650 4$aSantità - Storia - Occidente.$0(OLS)http://semarc/subject/16187 830 0$aSacro/santo. Nuova serie ;$v9.$0(OLS)http://semarc/title/11547 850 $aSeMil 852 $aSeMil$W1$xVenegono$y1$m3A I 130$j48542$B48542$CSeMilBibl$Z2$F51751 $81 961 $aAcquisto: Viella 996 $6020$a88-8334-137-6$9(OLS)http://semarc/number/64759 996 $6245$aStoria della santità nel cristianesimo occidentale$9(OLS)http://semarc/title/130981 996 $6260$aRoma :$bViella$9(OLS)http://semarc/publisher/31796